| 000 | 00000nam 2200000zi 4500 |
| 001 | 9.946465 |
| 003 | CaOODSP |
| 005 | 20250129103213 |
| 006 | m o d f |
| 007 | cr cn||||||||| |
| 008 | 241230t20252025onca obs f000 0 eng d |
| 020 | |a9780660751153 |
| 040 | |aCaOODSP|beng|erda|cCaOODSP |
| 043 | |an-cn--- |
| 086 | 1 |aCS11-627/2025-15E-PDF |
| 245 | 00|aOral health professionals in Canada, 2021. |
| 264 | 1|a[Ottawa] : |bStatistics Canada = Statistique Canada, |c[2025] |
| 264 | 4|c©2025 |
| 300 | |a1 online resource (1 unnumbered page) : |billustrations |
| 336 | |atext|btxt|2rdacontent |
| 337 | |acomputer|bc|2rdamedia |
| 338 | |aonline resource|bcr|2rdacarrier |
| 500 | |aCaption title. |
| 500 | |aIssued also in French under title: Les professionnels et professionnelles de la santé buccodentaire au Canada, 2021. |
| 504 | |aIncludes bibliographical references. |
| 520 | |a"This infographic uses data from the 2016 and 2021 Census of Population to examine the geographic distribution of oral health professionals in Canada"--Provided by publisher. |
| 650 | 0|aDental personnel|zCanada|vStatistics. |
| 655 | 7|aStatistics|2lcgft |
| 655 | 7|aInfographics|2lcgft |
| 710 | 2 |aStatistics Canada, |eissuing body. |
| 775 | 08|tLes professionnels et professionnelles de la santé buccodentaire au Canada, 2021.|w(CaOODSP)9.946464 |
| 856 | 40|qPDF|s555 KB|uhttps://publications.gc.ca/collections/collection_2025/statcan/11-627-m/11-627-m2025015-eng.pdf |
| 856 | 4 |qHTML|sN/A|uhttps://www150.statcan.gc.ca/n1/pub/11-627-m/11-627-m2025015-eng.htm |